Survey on web dissemination of trade information.
| Corporate Author: | |
|---|---|
| Format: | Book |
| Published: |
Geneva:
ITC,
2002.
|
| Subjects: |
| LEADER | 00558cam a2200181 7i4500 | ||
|---|---|---|---|
| 001 | 0000026624 | ||
| 005 | 20110819090000.0 | ||
| 090 | 0 | 0 | |a I 025.04 |b INT |
| 110 | 2 | 0 | |a International Trade Centre (ITC) |
| 245 | 2 | 0 | |a Survey on web dissemination of trade information. |
| 260 | 0 | 0 | |a Geneva: |b ITC, |c 2002. |
| 300 | # | # | |a 142p. |
| 650 | 0 | 0 | |a World Wide Web |
| 650 | 0 | 0 | |a Websites |
| 650 | 0 | 0 | |a Internet marketing |
| 650 | 0 | 0 | |a Business enterprises -- |x computer network resources |
| 650 | 0 | 0 | |a Web Publishing |
| 999 | |a 0000016040 |b Book |c International |e Business Information Centre | ||